'Community' Characters by Picture Quiz Stats

 Plays Quiz Updated Feb 21, 2017

Challenge
Share
Tweet
Score 0/25 Timer 05:00
0 Plays Today
* ** % Correct
Column 1Abed Nadir
96.7%
Column 4Troy Barnes
93.5%
Column 3Ben Chang
93%
Column 3Annie Edison
92%
Column 2Jeff Winger
91.6%
Column 1Alex 'Star-Burns' Osbourne
91.2%
Column 5Britta Perry
91.1%
Column 4Dean Craig Pelton
87.5%
Column 1Pierce Hawthorne
86.4%
Column 2Shirley Bennett
80%
Column 1Greendale Human Being
73.5%
Column 3Magnitude
66.4%
Column 2Leonard Briggs AKA Leonard Rodriguez
63.7%
* ** % Correct
Column 1Annie's Boobs
60.5%
Column 3Fat Neil
57.7%
Column 4Frankie Dart
44.8%
Column 5Levar Burton
40.2%
Column 2Vaughn Miller
39.1%
Column 5Professor Ian Duncan
38.3%
Column 5Andre Bennett
32.7%
Column 4Garrett Lambert
32.7%
Column 2Elroy Patashnik
30.5%
Column 4Vicki
30.5%
Column 5The Black Rider
24.9%
Column 3Buzz Hickey
22.2%

You're not logged in!

Compare scores with friends on all Sporcle quizzes.
Join for Free
OR
Log In

You Might Also Like...

Show Comments

Extras

Top Quizzes Today


Score Distribution

Your Account Isn't Verified!

In order to create a playlist on Sporcle, you need to verify the email address you used during registration. Go to your Sporcle Settings to finish the process.

Report this User

Report this user for behavior that violates our Community Guidelines.

Details: